Saber en salud. (Registro nro. 459)
[ vista simple ]
| 000 -LEADER | |
|---|---|
| fixed length control field | 00729 am a2200229 a 4500 |
| 005 - FECHA ULTIMA MODIFICACION | |
| control field | 20240222135400.0 |
| 008 - CAMPO DE CONTROL (LIBRO) | |
| fixed length control field | 100701s1997||||ag # f |||| 001 0 spa d |
| 020 ## - INTERNATIONAL STANDARD BOOK NUMBER | |
| ISBN | 9508920386 |
| 041 ## - CODIGO DE IDIOMA | |
| Código de idioma del texto/pista de sonido o título separado | spa |
| 092 ## - SIGNATURA TOPOGRAFICA DEWEY LOCAL | |
| número de clasificación | 614.072 |
| libristica | 82 |
| sección | TES |
| 100 1# - ENTRADA PRINCIPAL--NOMBRE PERSONAL | |
| Nombre personal | Testa, Mario. |
| 9 (RLIN) | 24 |
| 245 ## - TITULO PROPIAMENTE DICHO | |
| Título | Saber en salud. |
| Subtítulo y Título paralelo | La construcción del conocimiento / |
| Mención de responsabilidad y remanente de la transcripción de la portada | Mario Testa. |
| 250 ## - MENCION DE EDICION | |
| Mención de edición | 1a ed. |
| 260 ## - PIE DE IMPRENTA | |
| Lugar de publicación, distribución, etc | Buenos Aires: |
| Nombre de la editorial, distribuidor, etc | Lugar Editorial; |
| Fecha de publicación | 1997. |
| 300 ## - DESCRIPCION FISICA | |
| Extension | 238 p. |
| 500 ## - NOTA GENERAL | |
| Nota general | Testa, M. (1997). Saber en salud. La construcción del conocimiento. (1a ed.). Buenos Aires : Lugar Editorial. |
| 590 ## - NOTAS LOCALES (RLIN) | |
| Nota local | Donación Editorial Lugar, Nov. 2005 |
| 653 ## - TÉRMINO INDIZADO - PALABRAS CLAVES | |
| Palabra clave | Sociología |
| 653 ## - TÉRMINO INDIZADO - PALABRAS CLAVES | |
| Palabra clave | Comportamientos sociales |
| 930 ## - NUMERO DE INVENTARIO | |
| Número de inventario | 1358 |
| 942 ## - ADDED ENTRY ELEMENTS (KOHA) | |
| Source of classification or shelving scheme | Dewey Decimal Classification |
| Item type | Libros |
| Estado de retiro | Existencia | Estado general | No para prestamo | Ubicación permanente | ubicación actual | Sala de ubicación | Fecha de adquisición | Total Checkouts | Total Renewals | Número de clasificación | Código de barras | Date last seen | Date last borrowed | Número de ejemplar | Price effective from | Koha tipo de elemento (item) |
|---|---|---|---|---|---|---|---|---|---|---|---|---|---|---|---|---|
| Biblioteca Medicina | Biblioteca Medicina | Circulación | 13/05/2011 | 1 | 3 | 614.072 82 TES | 1358 | 06/11/2014 | 16/09/2011 | ej.1 | 13/05/2011 | Libros |